[Event "POL-chT3"]
[Site "Jastrzebia Gora POL"]
[Date "2016.09.04"]
[Round "2.9"]
[White "Flak, Pawel"]
[Black "Sabuk, Piotr"]
[Result "1-0"]
[WhiteElo "2184"]
[BlackElo "2365"]
[EventDate "2016.09.02"]

1.d4 d5 2.Nf3 Nf6 3.c4 e6 4.g3 dxc4 5.Bg2 Bd7 6.O-O Bc6 7.Nbd2 b5 8.Qc2 
Be7 9.e4 Na6 10.a3 Bb7 11.e5 Nd5 12.Ne4 h6 13.b3 cxb3 14.Qxb3 Qd7 15.Rd1 
c5 16.a4 b4 17.Bf1 O-O 18.Bb5 Qc8 19.Qd3 Nb6 20.a5 c4 21.Qe2 Nc7 22.Nf6+ 
gxf6 23.Bxh6 Nxb5 24.exf6 Nc3 25.Qe5 Kh7 26.Bg7 Bxf3 27.Qg5 Ne2+ 28.Kf1 
Rh8 29.Qh6+ Kg8 30.Qxh8# 1-0

[Event "POL-chT3"]
[Site "Jastrzebia Gora POL"]
[Date "2016.09.04"]
[Round "2.10"]
[White "Dubinski, Mateusz"]
[Black "Duch, Mariusz"]
[Result "1/2-1/2"]
[WhiteElo "2241"]
[BlackElo "2255"]
[EventDate "2016.09.02"]

1.d4 d6 2.e4 Nf6 3.f3 e5 4.Ne2 c6 5.c4 Be7 6.Be3 O-O 7.Nbc3 a6 8.dxe5 dxe5
9.Qxd8 Rxd8 10.Na4 Nbd7 11.c5 Rb8 12.O-O-O Nf8 13.Rxd8 Bxd8 14.Nec3 Be6 
15.Kc2 Bc7 16.b3 Ne8 17.Nb2 f6 18.Nc4 Rd8 19.Bd3 Kf7 20.Rb1 Ke7 21.b4 Bc8 
22.a4 Ne6 23.Ne2 g6 24.b5 axb5 25.axb5 cxb5 26.Rxb5 N8g7 27.Nc3 Nd4+ 28.
Bxd4 Rxd4 29.Nd5+ Kd7 30.Ncb6+ Bxb6 31.Rxb6 Ne8 32.Bb5+ Kd8 33.Bxe8 Kxe8 
34.Nxf6+ Kf7 35.Nxh7 Rc4+ 36.Kd3 Rxc5 37.Ng5+ Kg7 38.g3 Ra5 39.Kc4 Ra2 40.
Kd5 Rxh2 41.Kxe5 Rg2 42.Kf4 Rc2 43.e5 Rc7 44.Ne4 Bd7 45.e6 Bc6 46.Ke5 Re7 
47.f4 Bxe4 48.Kxe4 Kf6 49.Kd5 Kf5 50.g4+ Kf6 51.Rb5 Rxe6 52.g5+ Kf5 53.
Rxb7 Re1 54.Rf7+ Kg4 55.Rf6 Kh5 56.Re6 Rd1+ 57.Ke5 Re1+ 58.Kf6 Rf1 59.Re4 
Rxf4+ 1/2-1/2

[Event "POL-chT3"]
[Site "Jastrzebia Gora POL"]
[Date "2016.09.04"]
[Round "2.11"]
[White "Zielinski, Wojciech"]
[Black "Szczepaniak, Lukasz"]
[Result "1/2-1/2"]
[WhiteElo "2136"]
[BlackElo "2173"]
[EventDate "2016.09.02"]

1.Nf3 d5 2.b3 Nf6 3.Bb2 c5 4.e3 Nc6 5.d4 cxd4 6.Nxd4 e6 7.Be2 Bd6 8.Nd2 
O-O 9.O-O Re8 10.c4 Nxd4 11.Bxd4 e5 12.Bb2 Be6 13.Rc1 Rc8 14.cxd5 Bxd5 15.
Rxc8 Qxc8 16.Qb1 Qe6 17.Rd1 a6 18.Bc4 Bb4 19.e4 Bxc4 20.Nxc4 Qc6 21.Nxe5 
Qxe4 22.Qxe4 Nxe4 23.f3 Bc3 24.fxe4 Bxb2 25.Nc4 Bc3 26.Kf2 g6 27.Kf3 b5 
28.Ne3 Be5 29.Ng4 Bg7 30.Rd6 Re6 31.Rd8+ Bf8 32.Ne3 Rf6+ 33.Ke2 Kg7 34.Rc8
Re6 35.Kd3 Bd6 36.h3 Be5 37.Nd5 Rd6 38.Ke3 h5 39.Re8 Bb2 40.Re7 Rc6 41.Rc7
Re6 42.Kd3 Bf6 43.a4 bxa4 44.bxa4 Bh4 45.Rc8 Rd6 46.Kc4 Re6 47.Kd3 Bg3 48.
Rc2 Re8 49.Rc6 a5 50.Rc5 Be1 51.Rc1 Bh4 52.Rc5 Be1 53.Rc1 Bh4 54.Rc5 Be1 
1/2-1/2

[Event "POL-chT3"]
[Site "Jastrzebia Gora POL"]
[Date "2016.09.04"]
[Round "2.12"]
[White "Kantane, Anna"]
[Black "Jedrocha, Katarzyna"]
[Result "1-0"]
[WhiteElo "2248"]
[BlackElo "1893"]
[EventDate "2016.09.02"]

1.e4 c5 2.Nf3 d6 3.d4 cxd4 4.Nxd4 Nf6 5.Nc3 a6 6.Bg5 Nbd7 7.f4 Qc7 8.Qf3 
b5 9.O-O-O Bb7 10.Bd3 g6 11.Nd5 Nxd5 12.exd5 Bg7 13.Nc6 Nf6 14.Rhe1 e6 15.
f5 O-O 16.fxe6 Nxd5 17.e7 Rfe8 18.Be4 Bxc6 19.Bxd5 Bxd5 20.Rxd5 Rac8 21.
Re2 h6 22.Bf4 Qc4 23.b3 Qb4 24.Bxd6 Qa5 25.a3 Rc3 26.Bb4 Rxf3 27.Bxa5 Rf1+
28.Kd2 f5 29.Rd6 Kf7 30.Bd8 Bf6 31.Rxa6 Rf4 32.Ree6 Bg5 33.Kd3 Rf2 34.Rxg6
Rd2+ 35.Kc3 Rxg2 36.Rgd6 Rxh2 37.Rd5 f4 38.Rxb5 Rh3+ 39.Kd4 Re3 40.Rf5+ 
Kg7 41.b4 Bxe7 42.Bxe7 R8xe7 43.Rxf4 Rh3 44.c4 h5 45.b5 Rh1 46.b6 1-0

[Event "POL-chT3"]
[Site "Jastrzebia Gora POL"]
[Date "2016.09.04"]
[Round "2.14"]
[White "Marszalek, Maciej"]
[Black "Nguyen, Piotr"]
[Result "1/2-1/2"]
[WhiteElo "2318"]
[BlackElo "2435"]
[EventDate "2016.09.02"]

1.d4 f5 2.c4 Nf6 3.Nf3 g6 4.Nc3 Bg7 5.Bf4 O-O 6.e3 d6 7.Qb3 c5 8.dxc5 dxc5
9.Be2 Nc6 10.Ne5 Ne4 11.Nxe4 Nxe5 12.Bxe5 Bxe5 13.Nc3 e6 14.Rd1 Qe7 15.Rd3
b6 16.Bf3 Bb7 17.Bxb7 Qxb7 18.O-O f4 19.exf4 Rxf4 20.Ne2 Rf6 21.f3 Qg7 22.
Rfd1 Raf8 23.Rd8 Bd4+ 24.R8xd4 cxd4 25.Rxd4 Qc7 26.Qd3 Qc5 27.Kh1 Qb4 28.
Qc3 Qxc3 29.Nxc3 Rc8 30.h3 Rff8 31.Re4 Rc6 32.b3 Kf7 33.Rh4 h5 34.g4 Kg7 
35.Kg2 hxg4 36.Rxg4 Rd6 37.Ne4 Rd3 38.Ng5 Re8 39.Rh4 Kf6 40.Ne4+ Ke5 41.
Kg3 Rd1 42.Rh7 Ra8 43.Kf2 a5 44.Rb7 Ra1 45.Ke3 Re1+ 1/2-1/2

[Event "POL-chT3"]
[Site "Jastrzebia Gora POL"]
[Date "2016.09.04"]
[Round "2.15"]
[White "Kowalczyk, Pawel"]
[Black "Kuciel, Wladyslaw"]
[Result "1-0"]
[WhiteElo "2303"]
[BlackElo "1928"]
[EventDate "2016.09.02"]

1.e4 c5 2.Ne2 e6 3.Nbc3 a6 4.g3 b5 5.Bg2 Bb7 6.O-O Qc7 7.d4 cxd4 8.Nxd4 
Nf6 9.Re1 d6 10.Bg5 Nbd7 11.a4 b4 12.Na2 Be7 13.Nxb4 O-O 14.Nd3 Rfe8 15.c3
h6 16.Bxf6 Bxf6 17.Nc2 Nb6 18.Ne3 Rab8 19.a5 Nc4 20.Nxc4 Qxc4 21.Nb4 Red8 
22.Qe2 Qc5 23.Red1 Rd7 24.Ra2 Ra8 25.Ra4 Bd8 26.Nd3 Qc7 27.Ra3 Bc6 28.c4 
Qb7 29.b4 f5 30.f3 fxe4 31.fxe4 Bf6 32.h4 Bd4+ 33.Kh2 Rf7 34.Ra2 e5 35.Rb1
Raf8 36.Qe1 Bd7 37.b5 Be6 38.Rc2 Rc7 39.Qb4 axb5 40.Qxd6 Bxc4 41.Nxe5 Bxe5
42.Qxe5 Qa7 43.Qc3 Rd7 44.Ra1 Rd3 45.Qe1 Re3 46.Qg1 Bd3 47.Rd2 Rf7 48.Ra3 
1-0

[Event "POL-chT3"]
[Site "Jastrzebia Gora POL"]
[Date "2016.09.04"]
[Round "2.16"]
[White "Olesiak, Marcin"]
[Black "Jagodzinski, Piotr"]
[Result "0-1"]
[WhiteElo "1997"]
[BlackElo "2241"]
[EventDate "2016.09.02"]

1.d4 c5 2.d5 e5 3.e4 d6 4.Nc3 a6 5.a4 Be7 6.Be2 Bg5 7.Nf3 Bxc1 8.Qxc1 Bg4 
9.Nd2 Bxe2 10.Nxe2 Ne7 11.O-O O-O 12.f4 exf4 13.Nxf4 Nd7 14.Nc4 Nf6 15.Qe3
Ng6 16.Nxg6 hxg6 17.Qf4 Qe7 18.Rae1 Rad8 19.Re3 Rfe8 20.Rfe1 b5 21.axb5 
axb5 22.Nd2 Qe5 23.Qh4 g5 24.Qf2 Ng4 25.Qg3 Nf6 0-1

[Event "POL-chT3"]
[Site "Jastrzebia Gora POL"]
[Date "2016.09.04"]
[Round "2.17"]
[White "Dowgird, Filip"]
[Black "Popiol, Michal"]
[Result "1-0"]
[WhiteElo "2238"]
[BlackElo "1959"]
[EventDate "2016.09.02"]

1.e4 e6 2.d3 c5 3.g3 Nc6 4.Bg2 g6 5.f4 Bg7 6.Nf3 Nge7 7.O-O O-O 8.c3 d6 9.
Be3 b6 10.d4 Bb7 11.Na3 Rc8 12.dxc5 dxc5 13.Qe2 Qc7 14.e5 Qb8 15.Bf2 Rcd8 
16.Nb5 Nc8 17.a4 Rfe8 18.Ng5 N6e7 19.Ne4 Bxe4 20.Bxe4 Nd5 21.a5 f6 22.axb6
axb6 23.exf6 Bxf6 24.Rfd1 Nce7 25.Bf3 Nf5 26.Ra4 Nc7 27.Rxd8 Qxd8 28.Bc6 
Re7 29.Nxc7 Qxc7 30.Bf3 Kg7 31.g4 b5 32.Re4 Nd6 33.Rxe6 h6 34.g5 hxg5 35.
fxg5 Rxe6 36.Qxe6 Bxg5 37.Bg3 Qf7 38.Be5+ Kh7 39.Qh3+ Bh6 40.Bxd6 Qf6 41.
Qg3 b4 42.Be5 Qf5 43.cxb4 cxb4 44.Bd4 Qb1+ 45.Kg2 Qc2+ 46.Kh3 Qf5+ 47.Qg4 
Qf7 48.Qe4 Bf4 49.Qd5 Qe7 50.Be4 Bd6 51.Qh5+ 1-0

[Event "POL-chT3"]
[Site "Jastrzebia Gora POL"]
[Date "2016.09.04"]
[Round "2.18"]
[White "Furtak, Joanna"]
[Black "Majdan-gajewska, Joanna"]
[Result "0-1"]
[WhiteElo "1578"]
[BlackElo "2362"]
[EventDate "2016.09.02"]

1.d4 c5 2.d5 Nf6 3.Nc3 g6 4.e4 d6 5.Nf3 Bg7 6.Be2 O-O 7.O-O Na6 8.Re1 Nc7 
9.h3 Rb8 10.a4 a6 11.a5 b5 12.axb6 Rxb6 13.Bc4 Rb4 14.Qd3 Nd7 15.b3 Rb8 
16.Bb2 Nb5 17.Rab1 Ne5 18.Nxe5 Bxe5 19.Ne2 Bxb2 20.Rxb2 Na3 21.Ra1 Nxc4 
22.Qxc4 Rb4 23.Qd3 f5 24.f3 fxe4 25.fxe4 e6 26.Rbb1 c4 27.Qd4 e5 28.Qe3 
Qc7 29.bxc4 Rxc4 30.c3 Rc5 31.Rf1 Rxf1+ 32.Rxf1 Qe7 33.Qf3 Kg7 34.Qe3 a5 
35.Rc1 Ba6 36.Kf2 a4 37.Ke1 a3 0-1

[Event "POL-chT3"]
[Site "Jastrzebia Gora POL"]
[Date "2016.09.04"]
[Round "2.19"]
[White "Pulik, Krzysztof"]
[Black "Sopur, Lech"]
[Result "0-1"]
[WhiteElo "2171"]
[BlackElo "2404"]
[EventDate "2016.09.02"]

1.e4 c6 2.d4 d5 3.exd5 cxd5 4.c4 Nf6 5.Nc3 g6 6.Nf3 Bg7 7.Be2 O-O 8.O-O 
Nc6 9.Re1 Bg4 10.c5 e6 11.h3 Bxf3 12.Bxf3 b6 13.Qa4 Rc8 14.Bf4 Nd7 15.Bd6 
Nxd4 16.Bxf8 Nxf3+ 17.gxf3 Kxf8 18.cxb6 axb6 19.Qb4+ Kg8 20.Rac1 Ne5 21.
Re3 d4 0-1

[Event "POL-chT3"]
[Site "Jastrzebia Gora POL"]
[Date "2016.09.04"]
[Round "2.20"]
[White "Lewtak, Damian"]
[Black "Lewtak, Dominik"]
[Result "1-0"]
[WhiteElo "2333"]
[BlackElo "2095"]
[EventDate "2016.09.02"]

1.e4 e5 2.Nf3 Nc6 3.Bb5 Nf6 4.O-O Nxe4 5.d4 Nd6 6.Bxc6 dxc6 7.dxe5 Nf5 8.
Qxd8+ Kxd8 9.Rd1+ Ke8 10.Nc3 Bd7 11.h3 h5 12.Ne2 Be7 13.Bg5 f6 14.Bf4 Rc8 
15.Rd2 Be6 16.exf6 gxf6 17.Ned4 Nxd4 18.Nxd4 Bd5 19.Nf5 Kf7 20.Re1 Rhe8 
21.Rde2 Bf8 22.b3 Rxe2 23.Rxe2 b5 24.Bd2 Re8 25.Rxe8 Kxe8 26.f3 Kd7 27.Kf2
Be6 28.g4 Ke8 29.Ng3 hxg4 30.fxg4 Bd6 31.Nh5 Kf7 32.Bc3 f5 33.Ng7 fxg4 34.
Nxe6 g3+ 35.Kf3 Kxe6 36.Be1 Kf5 37.Bxg3 a5 38.a4 b4 39.Bf2 Bf4 40.Be3 Be5 
41.h4 Bd6 42.Bg5 Bc5 43.Bd8 Bd6 44.Ke3 Ke5 45.Kd3 Kd5 46.Bf6 Bf4 47.Bg7 
Ke6 48.h5 Kf7 49.h6 Kg6 50.Kc4 Bd6 51.c3 Be7 52.cxb4 Bxb4 53.Bc3 c5 54.
Bxb4 cxb4 55.Kb5 Kxh6 56.Kxa5 c5 57.Kb5 1-0

[Event "POL-chT3"]
[Site "Jastrzebia Gora POL"]
[Date "2016.09.04"]
[Round "2.21"]
[White "Wozniak, Maciej"]
[Black "Orzech, Dominik"]
[Result "0-1"]
[WhiteElo "2075"]
[BlackElo "2378"]
[EventDate "2016.09.02"]

1.e4 e6 2.d4 d5 3.Nc3 Bb4 4.e5 c5 5.a3 Ba5 6.b4 cxd4 7.Nb5 Bc7 8.f4 Ne7 9.
Nf3 Bd7 10.Nxc7+ Qxc7 11.Bb2 Nf5 12.Bd3 Nc6 13.Qe2 Rc8 14.O-O g6 15.Kh1 a6
16.g4 Ne3 17.Rg1 Nc4 18.Bc1 h6 19.h4 Ne7 20.h5 gxh5 21.gxh5 Qb6 22.Qf2 Ne3
23.Nxd4 Nxc2 24.Bxc2 Rxc2 25.Qxc2 Qxd4 26.Ra2 Bc6 27.Rd1 Qb6 28.Qc5 Qd8 
29.Qd6 Qc8 30.Qc5 d4+ 31.Kh2 Nf5 32.Qb6 Bd5 33.Rad2 Qc3 34.Rg1 Qf3 35.Rgg2
Qxf4+ 36.Kg1 Qe3+ 37.Kh2 Qxe5+ 38.Kh3 Qe3+ 39.Kh2 Qf4+ 40.Kg1 Bxg2 41.Rxg2
Qxc1+ 42.Kh2 Qf4+ 43.Kg1 Ne3 0-1

[Event "POL-chT3"]
[Site "Jastrzebia Gora POL"]
[Date "2016.09.04"]
[Round "2.22"]
[White "Kowalczyk, Rafal"]
[Black "Bielawski, Michal"]
[Result "1-0"]
[WhiteElo "2241"]
[BlackElo "2021"]
[EventDate "2016.09.02"]

1.e4 d6 2.d4 Nf6 3.Nc3 g6 4.f4 Bg7 5.Bd3 O-O 6.Nf3 c5 7.d5 e6 8.O-O exd5 
9.exd5 a6 10.a4 Nbd7 11.Kh1 Nb6 12.Be2 Bg4 13.a5 Nc8 14.h3 Bd7 15.Nd2 b5 
16.axb6 Nxb6 17.Nb3 Qc8 18.Kh2 c4 19.Na5 Qc5 20.Bf3 Rfe8 21.g4 Bb5 22.Qd2 
Qc7 23.Qf2 Nfd7 24.Be3 Re7 25.Nc6 Bxc6 26.dxc6 Nc5 27.Bg2 Rd8 28.Ra5 Bxc3 
29.bxc3 Rxe3 30.Qxe3 Nba4 31.Rxa4 Nxa4 32.Ra1 Nc5 33.Bd5 Kg7 34.g5 h6 35.
Qd4+ Kh7 36.Re1 h5 37.Qf6 Ne6 38.Bxe6 Qb6 39.Qxf7+ Kh8 40.Qf6+ Kh7 41.Re2 
1-0

[Event "POL-chT3"]
[Site "Jastrzebia Gora POL"]
[Date "2016.09.04"]
[Round "2.24"]
[White "Sliwicka, Alicja"]
[Black "Krzyzanowska-zadlo, Lidia"]
[Result "1-0"]
[WhiteElo "2092"]
[BlackElo "1848"]
[EventDate "2016.09.02"]

1.e4 c5 2.Nf3 a6 3.c4 e6 4.Nc3 Nc6 5.d4 cxd4 6.Nxd4 Nf6 7.Nxc6 dxc6 8.
Qxd8+ Kxd8 9.Bf4 b5 10.O-O-O+ Nd7 11.Be2 Bc5 12.Bg3 f6 13.e5 f5 14.Bf3 Bb7
15.cxb5 axb5 16.Nxb5 Rxa2 17.Kb1 Ra6 18.Nd6 Bxd6 19.Rxd6 Re8 20.Rhd1 Bc8 
21.Bxc6 Kc7 22.Rc1 Rxc6 23.Rcxc6+ Kb7 24.Rxe6 Rf8 25.Rc4 Nb6 26.Re7+ Ka6 
27.Rxc8 Nxc8 28.Rxg7 f4 29.Bh4 1-0

[Event "POL-chT3"]
[Site "Jastrzebia Gora POL"]
[Date "2016.09.04"]
[Round "2.25"]
[White "Mucha, Roman"]
[Black "Wandzik, Wojciech"]
[Result "0-1"]
[WhiteElo "2190"]
[BlackElo "2346"]
[EventDate "2016.09.02"]

1.e4 c5 2.Nf3 Nc6 3.d4 cxd4 4.Nxd4 e6 5.Nb5 d6 6.Bf4 e5 7.Be3 a6 8.N5c3 
Nf6 9.Nd2 Be7 10.Nc4 Be6 11.Nd5 Bxd5 12.exd5 Na7 13.Nb6 Rb8 14.c4 O-O 15.
Be2 Ne4 16.Na4 Qa5+ 17.Kf1 b5 18.Bxa7 Rb7 19.Be3 bxa4 20.Qc2 f5 21.Bd3 g6 
22.Bxe4 fxe4 23.Rb1 Rc8 24.Qxe4 Qb4 25.Rc1 Qxb2 26.h4 Rf8 27.f3 Qxa2 28.h5
g5 29.Rh3 Rfb8 30.Qg4 Rb1 31.Bxg5 Kh8 32.Rg3 Bxg5 0-1

[Event "POL-chT3"]
[Site "Jastrzebia Gora POL"]
[Date "2016.09.04"]
[Round "2.26"]
[White "Mroziak, Maciej"]
[Black "Bus, Konrad"]
[Result "1/2-1/2"]
[WhiteElo "2338"]
[BlackElo "2245"]
[EventDate "2016.09.02"]

1.e4 e5 2.Nf3 Nc6 3.d4 exd4 4.Nxd4 Bb4+ 5.c3 Bc5 6.Be3 Bb6 7.Bc4 Ne5 8.Be2
Nf6 9.Nd2 d5 10.Bg5 c5 11.N4f3 Nxf3+ 12.Bxf3 dxe4 13.Bxf6 Qxf6 14.Nxe4 Qe7
15.O-O O-O 16.Qd6 Re8 17.Rfe1 Be6 18.Rad1 h6 19.g3 Kf8 20.Qxe7+ Rxe7 21.
Nd6 Bxa2 22.Rxe7 Kxe7 23.Nxb7 Rb8 24.Rd2 Be6 25.Kg2 g5 26.h3 h5 27.g4 hxg4
28.hxg4 Bxg4 29.Bxg4 Rxb7 30.Rd5 Kf6 31.c4 Re7 32.b3 Re4 33.Bf5 Re5 34.
Rxe5 Kxe5 35.Bd7 Kf4 36.Be8 f5 37.Bd7 g4 38.Bc8 Ba5 39.Bb7 Bc3 40.Bc6 Be5 
41.Bb7 Kg5 42.f3 g3 43.Bc8 1/2-1/2

[Event "POL-chT3"]
[Site "Jastrzebia Gora POL"]
[Date "2016.09.04"]
[Round "2.27"]
[White "Bednarczyk, Damian"]
[Black "Lizak, Jakub"]
[Result "1/2-1/2"]
[WhiteElo "2158"]
[BlackElo "2146"]
[EventDate "2016.09.02"]

1.d4 Nf6 2.c4 g6 3.f3 d5 4.cxd5 Nxd5 5.e4 Nb6 6.Nc3 Bg7 7.Be3 O-O 8.Qd2 
Nc6 9.O-O-O Qd6 10.Nb5 Qd7 11.h4 a6 12.Nc3 Rd8 13.h5 Bxd4 14.hxg6 fxg6 15.
Bxd4 Qxd4 16.Qf4 Qf6 17.Rxd8+ Nxd8 18.Qh2 Nf7 19.Qxh7+ Kf8 20.Nge2 Be6 21.
Qh4 Qxh4 22.Rxh4 Bc4 23.b3 Bd3 24.Kd2 Rd8 25.Ke3 c5 26.Rh1 e5 27.g3 Kg7 
28.f4 a5 29.Bh3 Ba6 30.Rd1 Rxd1 31.Nxd1 c4 32.Be6 Nd8 33.Bxc4 Nxc4+ 34.
bxc4 Bxc4 35.Nec3 Nc6 36.Nb2 Bf1 1/2-1/2

[Event "POL-chT3"]
[Site "Jastrzebia Gora POL"]
[Date "2016.09.04"]
[Round "2.28"]
[White "Duda, Lukasz"]
[Black "Slezak, Robert"]
[Result "1/2-1/2"]
[WhiteElo "2200"]
[BlackElo "2134"]
[EventDate "2016.09.02"]

1.e4 c5 2.Nc3 Nc6 3.d3 g6 4.g3 Bg7 5.Be3 d6 6.Qd2 e6 7.Bg2 Rb8 8.Nh3 h6 9.
O-O Nf6 10.f3 e5 11.Ne2 b6 12.f4 Ng4 13.f5 Nd4 14.Rac1 gxf5 15.c3 Nxe2+ 
16.Qxe2 Nxe3 17.Qxe3 fxe4 18.dxe4 Be6 19.b3 O-O 20.Rcd1 b5 21.Nf2 Qe7 22.
Rd2 a5 23.Rfd1 Rfd8 24.Bf1 c4 25.bxc4 bxc4 26.Qe2 Rb5 27.Bg2 Qd7 28.Bf3 
Qc6 29.Ng4 Bxg4 30.Bxg4 d5 31.exd5 Rbxd5 32.Rxd5 Rxd5 33.Rxd5 Qxd5 34.Bf3 
Qc5+ 1/2-1/2

[Event "POL-chT3"]
[Site "Jastrzebia Gora POL"]
[Date "2016.09.04"]
[Round "2.29"]
[White "Mucha, Magdalena"]
[Black "Gola, Karol"]
[Result "0-1"]
[WhiteElo "1947"]
[BlackElo "2191"]
[EventDate "2016.09.02"]

1.e4 c5 2.Nf3 e6 3.d4 cxd4 4.Nxd4 a6 5.Bd3 Nf6 6.O-O Qc7 7.Qe2 d6 8.a4 Nc6
9.Be3 Be7 10.Nc3 O-O 11.Kh1 e5 12.Nxc6 bxc6 13.f4 a5 14.fxe5 dxe5 15.Bc4 
Bg4 16.Qf2 Rab8 17.Rab1 Rb4 18.b3 Bh5 19.Bc5 Rbb8 20.Rbe1 Rfd8 21.Bd3 Bg6 
22.Qe3 Ng4 23.Qg1 Bxc5 24.Qxc5 Qb6 25.Qxb6 Rxb6 26.Nd1 Rb4 27.Ne3 Nxe3 28.
Rxe3 Rbd4 29.Kg1 f6 30.Kf2 Bf7 31.Ke2 c5 32.c4 Bg6 33.g4 h5 34.h3 Kf7 35.
Rd1 hxg4 36.hxg4 Rh8 37.Rf1 Rh4 38.Kf3 Rd8 39.Rg1 Rh2 40.Rge1 Rdh8 41.Bf1 
Rd2 42.R1e2 Rd4 43.Re1 Ke7 44.R1e2 Bf7 45.Rg2 Rh4 46.Rg3 Be6 47.Be2 Kf7 
48.Kg2 Rd2 49.Rh3 Rxg4+ 50.Rhg3 Rf4 51.Kg1 g6 52.Rg2 Rd4 53.Bd3 Bg4 54.Rf2
Bd1 55.Bb1 Ke6 56.Rg3 Bh5 57.Kg2 Rd1 58.Bd3 Rg4 59.Bc2 Rd4 60.Kh3 Rxg3+ 
61.Kxg3 Bd1 0-1

[Event "POL-chT3"]
[Site "Jastrzebia Gora POL"]
[Date "2016.09.04"]
[Round "2.30"]
[White "Szydlowska-duda, Marta"]
[Black "Tracz, Marcelina"]
[Result "1-0"]
[WhiteElo "2002"]
[BlackElo "1825"]
[EventDate "2016.09.02"]

1.d4 Nf6 2.Nf3 g6 3.Bf4 Bg7 4.e3 d6 5.h3 O-O 6.Be2 Nfd7 7.c4 e5 8.Bh2 Nc6 
9.d5 Ne7 10.Nc3 f5 11.Rc1 e4 12.Nd4 Nf6 13.b4 a5 14.a3 Kh8 15.Qb3 axb4 16.
axb4 b6 17.O-O Bd7 18.Ra1 Qc8 19.Ncb5 Qb7 20.Rfc1 Rfd8 21.Qd1 Ne8 22.Rxa8 
Rxa8 23.g4 Qc8 24.g5 Qb7 25.Bf4 Ra2 26.h4 Bxb5 27.Nxb5 Rb2 28.Rb1 Rxb1 29.
Qxb1 Qa8 30.Nd4 Kg8 31.Kg2 Qa3 32.h5 Be5 33.Bxe5 dxe5 34.Ne6 Qa7 35.Qb2 
Ng7 36.Nxg7 1-0

[Event "POL-chT3"]
[Site "Jastrzebia Gora POL"]
[Date "2016.09.04"]
[Round "2.31"]
[White "Tomaszewski, Kacper"]
[Black "Rudolf, Michal"]
[Result "1-0"]
[WhiteElo "2185"]
[BlackElo "2339"]
[EventDate "2016.09.02"]

1.d4 Nf6 2.c4 e6 3.Nc3 Bb4 4.f3 O-O 5.a3 Bxc3+ 6.bxc3 c5 7.e4 Nc6 8.Nh3 d6
9.Be3 b6 10.Bd3 Ba6 11.O-O Na5 12.Qe2 Rc8 13.Rac1 Qc7 14.f4 cxd4 15.cxd4 
Bxc4 16.e5 Nd5 17.Bd2 h6 18.Nf2 Qd7 19.Rxc4 Nxc4 20.Bxc4 dxe5 21.fxe5 Ne7 
22.Bb4 Rfd8 23.Ba6 Ra8 24.Bb5 Qb7 25.Ne4 Nf5 26.Nd6 Qd5 27.Nxf5 exf5 28.
Rd1 a5 29.Bc4 Qb7 30.Bd6 1-0

[Event "POL-chT3"]
[Site "Jastrzebia Gora POL"]
[Date "2016.09.04"]
[Round "2.32"]
[White "Warszawski, Bartosz"]
[Black "Smolka, Marcin"]
[Result "1-0"]
[WhiteElo "2223"]
[BlackElo "2184"]
[EventDate "2016.09.02"]

1.e4 e5 2.Nf3 Nc6 3.Bb5 a6 4.Ba4 Nf6 5.O-O b5 6.Bb3 Bc5 7.a4 Bb7 8.c3 d6 
9.d4 Bb6 10.Re1 h6 11.Na3 O-O 12.d5 Ne7 13.Be3 Bxe3 14.Rxe3 c6 15.dxc6 
Bxc6 16.axb5 axb5 17.Qd3 Qb8 18.Rae1 Rd8 19.Nh4 d5 20.Nf5 Nxf5 21.exf5 e4 
22.Qd4 Qf4 23.Qb6 Rac8 24.Nc2 Rd6 25.h3 Be8 26.Qd4 Qxf5 27.Qd2 Qg5 28.Qd4 
Qf5 29.Qd2 Rcd8 30.Nd4 Qg5 31.Bd1 Nd7 32.Nxb5 Rg6 33.f4 Qxf4 34.Qxd5 Rg5 
35.Qd6 Qxd6 36.Nxd6 f5 37.h4 Rg6 38.Nxf5 Rb6 39.Rxe4 Nf6 40.Re7 Rxb2 41.
Rxg7+ Kf8 42.Rg3 Rdd2 43.Bf3 Rbc2 44.Nd4 1-0

[Event "POL-chT3"]
[Site "Jastrzebia Gora POL"]
[Date "2016.09.04"]
[Round "2.33"]
[White "Wolynski, Krzysztof"]
[Black "Chalupnik, Marcin"]
[Result "0-1"]
[WhiteElo "2065"]
[BlackElo "2191"]
[EventDate "2016.09.02"]

1.e4 c5 2.d4 cxd4 3.c3 d3 4.Bxd3 d6 5.Be3 Nf6 6.h3 e6 7.Nd2 Be7 8.f4 Nbd7 
9.Ngf3 Qc7 10.O-O b6 11.Qe2 Bb7 12.Bf2 e5 13.fxe5 dxe5 14.Rfe1 O-O 15.Nh2 
Bc5 16.Bxc5 Nxc5 17.Bc2 Rad8 18.Nhf1 Rd7 19.Ng3 Rfd8 20.Nf3 Ba6 21.Qf2 Bd3
22.Kh1 Bxc2 23.Qxc2 Nd3 24.Re2 Qc5 25.Rf1 Qc4 26.a3 h5 27.Kg1 Nf4 28.Ref2 
Qc5 29.Kh1 Rd3 30.Rd2 h4 31.Rxd3 Rxd3 32.Nf5 Nxe4 33.Re1 Nf2+ 34.Kh2 e4 
35.N3d4 Qc7 36.Kg1 N2xh3+ 37.gxh3 g6 38.Rxe4 gxf5 39.Re8+ Kh7 40.Nxf5 Qc5+
41.Nd4 Qg5+ 42.Kf1 Qg3 43.Re7 Qxh3+ 44.Kg1 Kg7 45.Re2 Rg3+ 46.Kf2 0-1

[Event "POL-chT3"]
[Site "Jastrzebia Gora POL"]
[Date "2016.09.04"]
[Round "2.34"]
[White "Rams, Michal"]
[Black "Klementowski, Dawid"]
[Result "1/2-1/2"]
[WhiteElo "2199"]
[BlackElo "1928"]
[EventDate "2016.09.02"]

1.e4 Nf6 2.e5 Nd5 3.d4 d6 4.Nf3 Bg4 5.Be2 e6 6.c4 Nb6 7.exd6 cxd6 8.Be3 
Bxf3 9.Bxf3 d5 10.cxd5 Bb4+ 11.Bd2 Bxd2+ 12.Qxd2 exd5 13.O-O O-O 14.Nc3 
Nc6 15.Qf4 Qd7 16.a4 a5 17.Nb5 Rad8 18.b3 Nc8 19.Rac1 N8e7 20.Rc5 Rc8 21.
Rfc1 Rfd8 22.h3 h6 23.Bg4 f5 24.Bf3 b6 25.R5c3 Nb4 26.Rc7 Qe6 27.Qd2 Rxc7 
28.Nxc7 Qd7 29.Nb5 Nec6 30.Re1 Re8 1/2-1/2

[Event "POL-chT3"]
[Site "Jastrzebia Gora POL"]
[Date "2016.09.04"]
[Round "2.35"]
[White "Cieslak, Patrycjusz"]
[Black "Kaim, Piotr"]
[Result "1-0"]
[WhiteElo "1919"]
[BlackElo "2158"]
[EventDate "2016.09.02"]

1.d4 Nf6 2.Nc3 c5 3.d5 g6 4.e4 d6 5.f4 Bg7 6.Nf3 O-O 7.Bc4 b5 8.Nxb5 Nxe4 
9.O-O a6 10.Na3 Bf5 11.Bd3 c4 12.Nxc4 Qc8 13.Qe2 Qc5+ 14.Be3 Qxd5 15.Nb6 
Qb7 16.Nxa8 Qxa8 17.Bd4 d5 18.Bxg7 Kxg7 19.Kh1 Nc6 20.c4 Nb4 21.Bb1 dxc4 
22.Qxc4 a5 23.a3 Na6 24.Bxe4 Bxe4 25.Rae1 f5 26.Qc3+ Kh6 27.Qxa5 Rc8 28.
Rf2 Rc5 29.Qd2 Rd5 30.Qe3 Rd3 31.Qe2 Nc5 32.Ne5 Rb3 33.Rc1 Ne6 34.Qc4 Bd5 
35.Qc2 Qb7 36.Nf7+ Kg7 37.Ng5 Nd4 38.Qd2 Nb5 39.Rc5 Nc7 40.Qd4+ Kh6 41.Qe5
Rxa3 42.h3 Ra1+ 43.Kh2 1-0

[Event "POL-chT3"]
[Site "Jastrzebia Gora POL"]
[Date "2016.09.04"]
[Round "2.36"]
[White "Bednarska-bzdega, Malgorzata"]
[Black "Dziodzio, Angelika"]
[Result "0-1"]
[WhiteElo "2010"]
[BlackElo "2064"]
[EventDate "2016.09.02"]

1.e4 c5 2.Nf3 d6 3.d4 cxd4 4.Nxd4 Nf6 5.Nc3 Nc6 6.Bg5 Qb6 7.Nb3 e6 8.Bf4 
Ne5 9.Be3 Qd8 10.f4 Nc6 11.Be2 Be7 12.O-O O-O 13.Qd2 a6 14.a4 b6 15.Bf3 
Bb7 16.Rad1 Qc7 17.Qf2 Nd7 18.Qg3 Bf6 19.e5 dxe5 20.Ne4 Be7 21.fxe5 Ndxe5 
22.Be2 Rac8 23.Bf4 f6 24.Bc4 Nd8 25.Bd3 Ndf7 26.Nd4 Qd7 27.Ne2 Nxd3 28.
Rxd3 Qxa4 29.N4c3 Qc6 30.Kh1 Rcd8 31.Nd4 Qc8 32.Be3 Ne5 33.Rdd1 Bc5 34.Bh6
Ng6 35.Be3 Bxd4 36.Bxd4 Qc6 37.Qf2 Rd6 38.Be3 Rfd8 39.Bxb6 Rxd1 40.Nxd1 
Rc8 41.Nc3 Nf4 42.Rg1 Nh3 43.Qe3 Nxg1 44.Qxg1 Qd7 45.Be3 Rc4 46.h3 e5 47.
Kh2 f5 48.Qf1 Rc8 49.Qe2 f4 50.Bd2 Qf5 51.Be1 e4 52.Nd1 e3 53.Nc3 Qg6 54.
Bh4 h6 55.Be1 Rc5 56.h4 h5 57.Kh3 Qf5+ 58.Kh2 Qg4 59.Qf1 g5 0-1

[Event "POL-chT3"]
[Site "Jastrzebia Gora POL"]
[Date "2016.09.04"]
[Round "2.37"]
[White "Chojnacki, Slawomir"]
[Black "Winiarski, Mikolaj"]
[Result "0-1"]
[WhiteElo "2255"]
[BlackElo "2300"]
[EventDate "2016.09.02"]

1.d4 Nf6 2.Nf3 d5 3.Bf4 c5 4.c3 Nc6 5.e3 Qb6 6.Qb3 c4 7.Qc2 Bf5 8.Qc1 Nh5 
9.Nh4 Bd7 10.Bg3 Nxg3 11.hxg3 e5 12.dxe5 Nxe5 13.Nd2 Qh6 14.e4 g5 15.exd5 
O-O-O 16.Ndf3 Re8 17.Nxe5 Rxe5+ 18.Be2 gxh4 19.Qxh6 Bxh6 20.Rxh4 Rhe8 21.
Rxh6 Rxe2+ 22.Kf1 Bf5 23.b3 Bd3 24.Kg1 Re1+ 25.Rxe1 Rxe1+ 26.Kh2 Kd7 27.
Rh4 Re2 28.bxc4 Rxf2 29.c5 Rxa2 30.Rb4 Kc8 31.d6 Bf5 32.g4 Be6 33.g5 Ra5 
34.Rh4 Rxc5 0-1

[Event "POL-chT3"]
[Site "Jastrzebia Gora POL"]
[Date "2016.09.04"]
[Round "2.38"]
[White "Rozycki, Bartlomiej"]
[Black "Maciol, Ryszard"]
[Result "1-0"]
[WhiteElo "2140"]
[BlackElo "2130"]
[EventDate "2016.09.02"]

1.d4 Nf6 2.c4 e6 3.Nf3 d5 4.g3 Be7 5.Bg2 O-O 6.O-O dxc4 7.Nbd2 a6 8.Nxc4 
Nc6 9.Re1 Rb8 10.Nce5 Nxe5 11.Nxe5 Nd7 12.Nc4 Bb4 13.Bd2 Qe7 14.Rc1 Rd8 
15.e4 Nf8 16.a3 Bxd2 17.Qxd2 Bd7 18.Qc3 Be8 19.Ne5 f6 20.Nd3 c6 21.Red1 
Nd7 22.a4 Bg6 23.a5 e5 24.d5 cxd5 25.exd5 b6 26.d6 Qxd6 27.Nb4 Qf8 28.Nc6 
Rbc8 29.Qd2 1-0

[Event "POL-chT3"]
[Site "Jastrzebia Gora POL"]
[Date "2016.09.04"]
[Round "2.39"]
[White "Fudalej, Michal"]
[Black "Chylewski, Patryk"]
[Result "1/2-1/2"]
[WhiteElo "2211"]
[BlackElo "2005"]
[EventDate "2016.09.02"]

1.Nf3 d5 2.g3 c6 3.b3 Bg4 4.Bg2 Nd7 5.Bb2 Ngf6 6.d3 e6 7.Nbd2 Bd6 8.h3 Bh5
9.O-O O-O 10.Qe1 e5 11.e4 Re8 12.Nh4 a5 13.Nf5 Bf8 14.a3 Qc7 15.Rc1 Nc5 
16.Kh1 Rad8 17.f3 dxe4 18.fxe4 b5 19.Nf3 Bxf3 20.Bxf3 g6 21.Ne3 Bg7 22.Qf2
Ne6 23.Rce1 Nd4 24.Bd1 Rf8 25.Kh2 Kh8 26.Ng4 Nxg4+ 27.Bxg4 c5 28.h4 c4 29.
dxc4 bxc4 30.a4 f5 31.exf5 gxf5 32.Bd1 c3 33.Ba3 Rf7 34.Bc1 Qc6 35.Be3 Ne6
36.Bh5 Rff8 37.Qg2 1/2-1/2